000 00841nam a22002297a 4500
005 20090824151139.0
008 080726s2008 ii a b 001 0 eng
010 _aB-355874
020 _a9788177098761
_c250.00
020 _a8177098764
_c250.00
035 _aB-355874
037 _bDBAD / PUB
040 _adpl
_bEnglish
082 _a510
100 _aAggarwal, R.S.
245 _aHigher secondary mathematics:
_cby R.S. Aggarwal
_bfor class XII /
260 _aNew Delhi
_bBharati Bhawan Publishers & Distributors
_c2009
270 _a4271/3, Ansar Road, Daryaganj
_bNew Delhi
_e110002
300 _av, 918, ivp.
_c25cm(pbk)
942 _2ddc
_cEN
_mAGG
_h510
999 _c29526
_d29526